| 000 | 00608nam a2200229Ia 4500 | ||
|---|---|---|---|
| 003 | OSt | ||
| 005 | 20250718184327.0 | ||
| 008 | 210423s2014 xx 000 0 und d | ||
| 020 | _a978-81-921355-4-0 | ||
| 040 | _cAL | ||
| 041 | _aEnglish | ||
| 082 |
_a070.43 _b MADN |
||
| 100 |
_aMadhuri Madhok _9108611 |
||
| 245 | _aNews agency journalism | ||
| 260 |
_aBhopal _bMakhanlal Chaturvedi National University _c2014 |
||
| 300 |
_a157p. _bPB _c22x17cm. |
||
| 365 |
_b150 _cINR |
||
| 650 |
_aJournalism _9108612 |
||
| 650 |
_aReporting _9108613 |
||
| 906 | _aagency ; journalism ; News | ||
| 942 |
_2ddc _cBK |
||
| 999 |
_c166736 _d166736 |
||